Welcome to the Holygrace Academy Library

Please use search bar below to get started

CLASSIC TALES (Record no. 7216)

MARC details
000 -LEADER
fixed length control field 00274nam a22001337a 4500
082 ## - DEWEY DECIMAL CLASSIFICATION NUMBER
Classification number 823
Item number BAN/C
100 ## - MAIN ENTRY--AUTHOR NAME
Personal name BANERGEE
100 ## - MAIN ENTRY--AUTHOR NAME
Personal name KHOSLA
245 ## - TITLE STATEMENT
Title CLASSIC TALES
260 ## - PUBLICATION, DISTRIBUTION, ETC. (IMPRINT)
Place of publication NEW DELHI
Name of publisher ARORA BOOK COMPANY
300 ## - PHYSICAL DESCRIPTION
Number of Pages 48/-
650 ## - SUBJECT ADDED ENTRY--TOPICAL TERM
Topical Term STORY
Geographic subdivision INDIA
942 ## - ADDED ENTRY ELEMENTS (KOHA)
Koha item type Books
Holdings
Withdrawn status Lost status Home library Current library Shelving location Date acquired Source of acquisition Full call number Accession Number Koha item type
Withdrawn   Main Library Main Library SHELF 4-F ENGLISH CLASSICS 29/10/2019 PURCHASE 823 BAN/C 11821 Books